Project 2003 : Basic
में बचाया:
| निगमित लेखक: | |
|---|---|
| स्वरूप: | पुस्तक |
| भाषा: | Undetermined |
| प्रकाशित: |
Boston, Mass.
Thomson Course Technology
2006
|
| विषय: | |
| टैग : |
टैग जोड़ें
कोई टैग नहीं, इस रिकॉर्ड को टैग करने वाले पहले व्यक्ति बनें!
|
| Thư viện lưu trữ: | Trung tâm Học liệu Trường Đại học Cần Thơ |
|---|
| LEADER | 00660nam a2200217Ia 4500 | ||
|---|---|---|---|
| 001 | CTU_128959 | ||
| 008 | 210402s9999 xx 000 0 und d | ||
| 020 | |c 259000 | ||
| 082 | |a 658.4040285 | ||
| 082 | |b P962/Ba | ||
| 110 | |a Course Technology | ||
| 245 | 0 | |a Project 2003 : | |
| 245 | 0 | |b Basic | |
| 245 | 0 | |c Course Technology | |
| 260 | |a Boston, Mass. | ||
| 260 | |b Thomson Course Technology | ||
| 260 | |c 2006 | ||
| 650 | |a Microsoft Project,Project management,Quản lý dự án,Microsoft Project | ||
| 650 | |x Computer programs,Chương trình máy tính | ||
| 904 | |i Nguyên | ||
| 980 | |a Trung tâm Học liệu Trường Đại học Cần Thơ | ||